000 00663nam a2200181Ia 4500
003 GCL
008 140319s9999 xx 000 0 ara d
040 _aGCL /
_cGCL
082 0 4 _a398.245
_bا ا
100 1 _aعبدالحميد يونس (ترجمة وتقديم)
245 1 0 _aالاسفار الخمسة او البنجاتنترا /
_cعبدالحميد يونس (ترجمة وتقديم)
700 1 _aاوجرتون, فرانكلين
490 _aالهيئة العامة للاستعلامات
_v0
650 0 4 _aالقصص الخرافية
650 0 4 _aالقصص الشعبية
650 0 4 _aالادب الشعبى - الهند
942 _2ddc
_cBK
999 _c46936
_d46936